00716cam a2200181 a 4500020001500000040000800015082002600023245008500049260004400134300003200178500017000210650001400380650001800394650002300412700002100435710001600456710006200472 a0821312391 cDLC00a382 WOR 1989 A065 Or.00aSubsidies and countervailing measures :bcritical issues for the Uruguay Round / aWashington, D.C. :bWorld Bank,cc1989. av, 163 p. :bill. ;c28 cm. aPapers from a workshop held Feb. 13-14, 1989, at Montreux, Switzerland, organized by the World Bank and the Centre for Applied Studies in International Negotiations. 0aSubsidies 0aExport credit 0aAntidumping duties1 aBalassa, Bela A.2 aWorld Bank.2 aCentre for Applied Studies in International Negotiations.